00723nam a2200217 4500001000700000003000900007005001700016008004100033020002200074080001900096100002700115245008700142260004000229300005100269490002100320586003800341700001700379700002100396830003500417852005300452178896ES-MaACL20240129115655.0110729s2010 sp af |||| |dcat d a978-84-322-1280-2 a821.361-31"20"1 aUribe Urbieta, Kirmen.10aBilbao-New York-Bilbao / cKirmen Uribe ; traducción del euskera por Ana Arregi. aBarcelona : bSeix Barral, c[2010] a207 p., [1] h. pleg. de lám. col. ; c23 cm.1 aBiblioteca breve aPremio Nacional de Narrativa 20091 aArregi, Ana.1 aArteta, Aurelio.0 aBiblioteca breve (Seix Barral) aES-MaACLjA-11392bR.145870cDEPO1dOlim: N-4396